Statistics for Top Songs of 2023 to Artists (Click Quiz)

Click here to take the quiz!

General Stats

  • This quiz has been taken 159 times
  • The average score is 6 of 9

Answer Stats

HintAnswer% Correct
Harry StylesAs It Was
87%
Miley CyrusFlowers
85%
Taylor SwiftCruel Summer, Anti-Hero
82%
SZAKill Bill
73%
Metro Boomin, The Weeknd, 21 SavageCreepin'
67%
Rema, Selena GomezCalm Down
64%
Eslabon Armado, Peso PlumaElla Baila Sola
60%
Bizarrap, Shakira***: *** Music Sessions, Vol. 53
47%
Jung Kook ft. LattoSeven
42%

Score Distribution

Percentile by Number Answered

Percent of People with Each Score

Your Score History

You have not taken this quiz